| 000 | 00892nmc a2200349 a 4500 | ||
|---|---|---|---|
| 003 | AR-BaBNM | ||
| 005 | 20251128210825.0 | ||
| 008 | 291020s1999 ||||||||||||||000 | spa|| | ||
| 020 | _a987-9065-03-4 | ||
| 040 | _cAR-BaBNM | ||
| 100 | 1 | _aMiller, Jonathan | |
| 245 | 1 | 0 | _aDarwin para principiantes |
| 260 |
_aBuenos Aires _bErrepar _c1999 |
||
| 300 | 0 |
_a175 p. _bil. |
|
| 490 | 0 |
_aPara principiantes _vv. 4 |
|
| 600 | 1 | 4 | _aDarwin, Charles |
| 650 | 4 | _aBIOGRAFIAS | |
| 650 | 4 | _aDIVULGACION CIENTIFICA | |
| 650 | 4 | _aBIOGENESIS | |
| 650 | 4 | _aGENETICA | |
| 650 | 4 | _aEVOLUCION | |
| 650 | 4 | _aSELECCION NATURAL | |
| 650 | 4 | _aMUTACION | |
| 650 | 4 | _aBIOLOGIA | |
| 653 | 0 | _aHISTORIETAS | |
| 655 | _aBIOGRAFIAS | ||
| 700 | 1 |
_aLoon, Borin van _eilustrador |
|
| 700 | 1 |
_aGrossman, Paula _etraductor |
|
| 800 | 1 |
_aKreimer, Juan Carlos _edirector |
|
| 942 | _cBK | ||
| 998 | _cMARTIN | ||
| 999 |
_c17078 _d17078 |
||